000 00335nam a22001457a 4500
008 180919b xxu||||| |||| 00| 0 eng d
020 _a9780873525657
041 _aeng
080 _24th
_a37
082 _a37
100 _a25
101 _aEDU
245 _aMLA Handbook for Writers of Research Papers
_cGibaldi,J
942 _2udc
_cBK
999 _c48029
_d48029